[Event "Landesliga Nord 1213 U20"]
[Site "Bayern"]
[Date "2013.01.19"]
[Round "5.4"]
[White "Oberhofer, Marie"]
[Black "Dobler, Felix"]
[Result "1-0"]
[WhiteElo "1558"]
[BlackElo "1442"]
[PlyCount "47"]
[EventDate "2012.10.20"]
[EventType "team-tourn"]
[EventRounds "7"]
[EventCountry "GER"]
[SourceTitle "EXT 2020"]
[Source "ChessBase"]
[SourceDate "2019.10.17"]
[SourceVersion "1"]
[SourceVersionDate "2019.10.17"]
[SourceQuality "1"]
[WhiteTeam "Bavaria Regensburg U20"]
[BlackTeam "Bechhofen U20"]
[WhiteTeamCountry "GER"]
[BlackTeamCountry "GER"]

1. e4 e6 2. d4 d5 3. e5 c5 4. Nf3 Nc6 5. c3 Qb6 6. a3 c4 7. Be2 Nge7 8. Qc2 a5 9. Be3 Nf5 10. Nbd2 Nxe3 11. fxe3 Bd7 12. 0-0 Be7 13. Rf2 a4 14. Raf1 0-0 15. Kh1 f6 16. exf6 Rxf6 17. Ng5 Rf5 18. Nxh7 Rxf2 19. Rxf2 Na5 20. Bh5 Be8 21. Bxe8 Rxe8 22. Qg6 Rf8 23. Rxf8+ Bxf8 24. Nf6+ 1-0